K̲h̲abt̤ī. (Record no. 329933)
[ view plain ]
| 000 -LEADER | |
|---|---|
| fixed length control field | 00668cam a22002411 4500 |
| 001 - CONTROL NUMBER | |
| control field | 8022530 |
| 003 - CONTROL NUMBER IDENTIFIER | |
| control field | NUST |
| 005 - DATE AND TIME OF LATEST TRANSACTION | |
| control field | 20170622114904.0 |
| 008 - FIXED-LENGTH DATA ELEMENTS--GENERAL INFORMATION | |
| fixed length control field | 940603s1967 pk 000 1 urdo |
| 010 ## - LIBRARY OF CONGRESS CONTROL NUMBER | |
| LC control number | sa 68009011 |
| 025 ## - OVERSEAS ACQUISITION NUMBER | |
| Overseas acquisition number | PL480:P-U-1833 |
| 035 ## - SYSTEM CONTROL NUMBER | |
| System control number | (OCoLC)30542960 |
| 040 ## - CATALOGING SOURCE | |
| Original cataloging agency | DLC |
| Transcribing agency | CU |
| Modifying agency | CU |
| -- | DLC |
| 042 ## - AUTHENTICATION CODE | |
| Authentication code | premarc |
| 050 00 - LIBRARY OF CONGRESS CALL NUMBER | |
| Classification number | PK2200.U4 |
| Item number | K47 1967 |
| 082 ## - DEWEY DECIMAL CLASSIFICATION NUMBER | |
| Classification number | 891.4393 |
| Author Mark | RIA |
| 100 0# - MAIN ENTRY--PERSONAL NAME | |
| Personal name | Riaz, Balqees |
| Dates associated with a name | 1904-1963. |
| 9 (RLIN) | 1757 |
| 245 10 - TITLE STATEMENT | |
| Title | K̲h̲abt̤ī. |
| Statement of responsibility, etc. | by Balqees Riaz |
| 260 ## - PUBLICATION, DISTRIBUTION, ETC. | |
| Date of publication, distribution, etc. | Lahore: |
| Place of publication, distribution, etc. | Maqbool Academy, |
| 300 ## - PHYSICAL DESCRIPTION | |
| Extent | 275 p. |
| Dimensions | 19 cm. |
| 500 ## - GENERAL NOTE | |
| General note | Novel |
| 546 ## - LANGUAGE NOTE | |
| Language note | In Urdu |
| 650 ## - SUBJECT ADDED ENTRY--TOPICAL TERM | |
| Topical term or geographic name entry element | Urdu Literature-Novel |
| 9 (RLIN) | 1164 |
| 880 ## - ALTERNATE GRAPHIC REPRESENTATION | |
| Title | بلقیس ریاض |
| Linkage | 100-01\(3\r |
| 880 ## - ALTERNATE GRAPHIC REPRESENTATION | |
| Title | خبطی |
| Linkage | 245-02\(3\r |
| c | بلقیس ریاض |
| 880 ## - ALTERNATE GRAPHIC REPRESENTATION | |
| Title | لاہور: |
| Linkage | 260-03\(3\r |
| b | مقبول اکیڈیمی، |
| 906 ## - LOCAL DATA ELEMENT F, LDF (RLIN) | |
| a | 7 |
| b | cbc |
| c | oclcrpl |
| d | u |
| e | ncip |
| f | 19 |
| g | y-gencatlg |
| 942 ## - ADDED ENTRY ELEMENTS (KOHA) | |
| Source of classification or shelving scheme | |
| Koha item type | Book |
| Withdrawn status | Lost status | Source of classification or shelving scheme | Damaged status | Not for loan | Permanent Location | Current Location | Shelving location | Date acquired | Total Checkouts | Total Renewals | Full call number | Barcode | Date last seen | Date last checked out | Copy number | Price effective from | Koha item type |
|---|---|---|---|---|---|---|---|---|---|---|---|---|---|---|---|---|---|
| Central Library (CL) | Central Library (CL) | Fiction | 06/01/2017 | 5 | 1 | 891.4393 RIA | CL1917 | 12/05/2021 | 12/04/2021 | 1 | 06/01/2017 | Book |
